Kardeşler (Record no. 10214)

MARC details
000 -BAŞLIK
Sabit Uzunlukta Kontrol Alanı 01014na a2200325 4500
001 - KONTROL NUMARASI
Denetim Alanı 12622
003 - KONTROL NUMARASI IDENTIFIER
Denetim Alanı MIRAKIL
005 - SON İŞLEM TARİHİ VE ZAMANI
Denetim Alanı 20181213155311.0
008 - SABİT-BOY VERİ ELEMANLARI - GENEL BİLGİLER
Sabit Uzunlukta Kontrol Alanı 160828b tu 000 0
020 ## - ULUSLARARASI STANDART KİTAP NUMARASI
Uluslararası Standart Kitap Numarası 978653992431
035 ## - SİSTEM KONTROL NUMARASI
Sistem Kontrol Numarası 12622
040 ## - KATALOGLAMA KAYNAK
Orijinal Kataloglama Ajansı Milas
Kataloglama Dili tur
Metne Dönüştürmek Ajansı TR-AnCHP
082 ## - DEWEY ONLU SINIFLANDIRMA NUMARASI
Sınıflandırma Numarası 306.7
Ürün Numarası M57k 2011
090 ## - SINIFLAMA NUMARASI
Sınıflama Numarası 306.7 M57k 2011
100 ## - ANA GİRİŞ - KİŞİSEL İSİM
Kişisel Ad Mitchell, Juliet
245 ## - BAŞLIK TABLOSU
Başlık Kardeşler
Başlığın Kalan Cinsellik ve şiddet
Sorumluluk Tablosu, Vb Juliet Mıtchell ; çevirenler Pınar Padar, Billur C. Yılmazyiğit.
246 ## - UNVAN FORM VARYING
Başlık Doğru / Kısa Başlığı Cinsellik ve şiddet
260 ## - YAYIN, DAĞITIM, VB
Yayın, Dağıtım, Vb Yeri İstanbul
Yayıncı, Dağıtıcı, Vs Adı İstanbul Bilgi Üniversitesi Yayınları
Yayın, Dağıtım, Vb Tarihi 2011
300 ## - FİZİKSEL TANIM
Kapsam xii, 260 s.
Diğer Fiziksel Ayrıntıları res.
Boyutlar 23 sm.
490 ## - SERİSİ TABLOSU
Seri Beyanı Psikanaliz/Psikoloji dizisi
Hacim / Ardışık Tanımı 5
490 ## - SERİSİ TABLOSU
Seri Beyanı İstanbul Bilgi Üniversitesi yayınları
Hacim / Ardışık Tanımı 384
504 ## - KAYNAKÇA VB NOT
Kaynakça Vb Notu Kaynakça ve dizin var.
650 ## - KONU KATMA GİRİŞ - TOPİKAL DÖNEM
Topikal Süreli Veya Coğrafi Ad Giriş Elemanı Aile içi şiddet
650 ## - KONU KATMA GİRİŞ - TOPİKAL DÖNEM
Topikal Süreli Veya Coğrafi Ad Giriş Elemanı Ensest
650 ## - KONU KATMA GİRİŞ - TOPİKAL DÖNEM
Topikal Süreli Veya Coğrafi Ad Giriş Elemanı Cinsiyet (Psikoloji)
650 ## - KONU KATMA GİRİŞ - TOPİKAL DÖNEM
Topikal Süreli Veya Coğrafi Ad Giriş Elemanı Kardeşler
Genel Alt Bölümü Psikanaliz
700 ## - KATMA GİRİŞ - KİŞİSEL İSİM
Kişisel Ad Yılmazyiğit, Billur C.
700 ## - KATMA GİRİŞ - KİŞİSEL İSİM
Kişisel Ad Padar, Pınar
942 ## - EKLENDİ GİRİŞ ELEMANLARI (KOHA)
Sınıflandırma Veya Raf Düzeni Kaynak Dewey Decimal Classification
Koha Öğesi Türü Books
999 ## - SİSTEM KONTROL NUMARALARI (KOHA)
Koha Biblionumber 10214
Koha Biblioitemnumber 10214
Holdings
Kalıcı Konum Mevcut Konum Edinme Tarihi Edinim Kaynak Toplam Check-Out'Lar Tam Çağrı Numarası Barkod Tarih Son Görülme İtibaren Geçerli Fiyatlar Koha Öğesi Türü
CHP Kütüphanesi CHP Kütüphanesi 07/29/2016 Bağış   306.7 M57k 2011 000153 07/29/2016 07/29/2016 Books